Statistiques concernant Tennismen dans le top 30 ATP en 2022

Cliquez ici pour prendre le quiz!

Statistiques générales

  • Ce quiz a été pris 389 fois
    (72 depuis la dernière actualisation)
  • Le résultat moyen est 15 sur 30

Statistiques - réponses

HintRéponse% Correct
3Rafael Nadal
100%
7Novak Djokovic
98%
1Carlos Alcaraz
97%
4Daniil Medvedev
90%
5Alexander Zverev
89%
10Jannik Sinner
86%
6Stefanos Tsitsipas
84%
2Casper Ruud
78%
9Andrey Rublev
68%
12Taylor Fritz
59%
19Frances Tiafoe
52%
28Tommy Paul
49%
13Félix Auger-Aliassime
46%
11Hubert Hurkacz
46%
18Karen Khachanov
46%
22Alex De Minaur
41%
23Grigor Dimitrov
41%
8Cameron Norrie
35%
15Matteo Berrettini
35%
21Roberto Bautista Agut
33%
20Nick Kyrgios
29%
16Marin Cilic
25%
14Pablo Carreno Busta
24%
27Francisco Cerundolo
22%
30Lorenzo Musetti
22%
17Diego Schwartzman
21%
25Daniel Evans
19%
24Denis Shapovalov
17%
26Borna Coric
14%
29Alejandro Davidovich Fokina
11%

Distribution des résultats

Percentile par nombre de réponses

% des personnes avec chaque résultat

Votre développement - résultats

Vous n’avez pas pris ce quiz depuis la dernière actualisation